| 000 | 00000nam##2200000za#4500 |
| 001 | 9.690348 |
| 003 | CaOODSP |
| 005 | 20210624232302 |
| 007 | cr ||||||||||| |
| 008 | 150407|2001||||xxc|||||o f|0| 0 eng|d |
| 040 | |aCaOODSP|beng |
| 043 | |an-cn--- |
| 086 | 1 |aC86-133/2001E-PDF |
| 110 | 1 |aCanada.|bIndustry Canada. |bCanadian Tourism Commission. |
| 245 | 10|aBest practices in natural heritage collaborations - parks and outdoor tourism operators / |h[electronic resource]|cPrepared by Pam Wight and Associates for the Canadian Tourism Commission |
| 260 | |aOttawa - Ontario : |bIndustry Canada. |c2001. |
| 300 | |a109p. |
| 500 | |aCanadian cataloguing in publication data printed in these publications. |
| 500 | |aThe catalogue number (C86-133/2001E) and ISBN (0-662-31299-6) for the print edition have been incorrectly copied in this PDF edition. |
| 590 | |a07-06-Supp|b2007-11-30 |
| 690 | 07|aBest practices|2gcpds |
| 690 | 07|aOutdoor recreation|2gcpds |
| 690 | 07|aParks|2gcpds |
| 690 | 07|aTourism|2gcpds |
| 710 | 2 |aPam Wight and Associates. |
| 775 | 08|tLe patrimoine naturel - pratiques exemplaires de collaboration entre les parcs et les exploitants en tourisme de plein-air / |w(CaOODSP)9.634714 |
| 856 | 40|ahttp://publications.gc.ca|qPDF|s818 KB|uhttps://publications.gc.ca/collections/collection_2007/ic/C86-133-2001E.pdf |